Statistieken voor Verenigde Staten Trivia Quiz

Klik hier om de quiz te nemen!

Algemene statistieken

  • Deze quiz is 1.829 keer genomen
  • De gemiddelde score is 13 van 24

Antwoordstatistieken

HintAntwoord% Correct
Land dat de VS grenstCanada
98%
HoofdstadWashington D.C.
98%
Land dat de VS grenstMexico
97%
Vier grootste steden naar inwonersNew York City
93%
Aantal staten50
87%
Vier grootste steden naar inwonersLos Angeles
76%
Eerste persoon die op de maan liepNeil Armstrong
75%
Staat geheel gelegen op eilandenHawaii
71%
Grootste staat naar oppervlakteAlaska
68%
Grootste politieke partijenDemocraten
64%
Langste rivierMississippi / Missouri
61%
Grootste politieke partijenRepublikeinen
54%
Kleinste staat naar oppervlakteRhode Island
53%
Vier grootste steden naar inwonersChicago
52%
Oorlog waarin de meeste Amerikanen
zijn omgekomen
Amerikaanse Burgeroorlog
46%
Locatie met de hoogste temperatuur
ooit gemeten
Death Valley
37%
Meest gedecoreerde Olympische atleetMichael Phelps
33%
Nationaal DierAmerikaanse zeearend
32%
Vier grootste steden naar inwonersHouston
32%
Hoofdauteur van de
Onafhankelijkheidsverklaring
Thomas Jefferson
20%
Grootste meer dat de VS aanraaktLake Superior
15%
VolksliedThe Star-Spangled
Banner
14%
Hoogste bergDenali
13%
Term voor de eerste 10 amendementen
van de Amerikaanse grondwet
Bill of Rights
11%

Scoreverdeling

Percentiel versus Aantal Correcte Antwoorden

Procent van Mensen met Elke Score

Uw Scoregeschiedenis

U heeft deze quiz nog niet genomen